Entretelones de una Semana Santa en San Rafael de Ojo de Agua, Alajuela /
Sábháilte in:
| Príomhchruthaitheoir: | |
|---|---|
| Formáid: | Anaithnid |
| Teanga: | Spanish |
| Ábhair: | |
| Clibeanna: |
Cuir clib leis
Níl clibeanna ann, Bí ar an gcéad duine le clib a chur leis an taifead seo!
|
MARC
| LEADER | 000000000a22000000004500 | ||
|---|---|---|---|
| 001 | 002981 | ||
| 041 | 0 | |a spa | |
| 100 | 1 | |a Crespo, Matilde E. | |
| 245 | 1 | 0 | |a Entretelones de una Semana Santa en San Rafael de Ojo de Agua, Alajuela / |c Matilde E. Crespo. |
| 310 | |a semestral | ||
| 650 | 4 | |a SAN RAFAEL DE OJO DE AGUA (ALAJUELA, COSTA RICA) | |
| 650 | 4 | |a SEMANA SANTA | |
| 650 | 4 | |a IGLESIA CATOLICA EN COSTA RICA | |
| 650 | 4 | |a COSTA RICA | |
| 773 | 0 | |x 1659-0066 |d San José, Costa Rica : Editorial de la Universidad de Costa Rica |t Revista Herencia |g volumen 17, número 1 (2005), páginas 97-107 | |
| 942 | |c ARC | ||
| 999 | |c 9970 |d 9970 | ||
